000
00268nam a2200109Ia 4500
008
220204s9999 xx 000 0 und d
082
_a
598.2(031)
_b
DUN
100
_a
Dunn, Evan
245
0
_a
Colour encyclopedia of birds
260
_a
London
_b
Cathay
_c
1978
942
_c
BK
999
_c
35543
_d
35543